000 00444nam a2200181Ia 4500
001 22290
005 20260414150821.0
008 260414t2020||||xx |||||||||||||| ||spa||
041 _aESP
082 _a621.31
_bS64
100 _aSociedad Eléctrica del Sur Oeste
_eAUT
245 0 _a115 años iluminando Arequipa
_b
260 _c2020
300 _a130 páginas :
_c31 cm.
650 _aTCA
654 _aCET
942 _cLIB
_dJUS
_fJUS
_2ddc
_n
999 _c22290
_d22290